[Event "Hessen-ch Seniors op 09th"]
[Site "Bad Sooden-Allendorf"]
[Date "2013.04.26"]
[Round "7"]
[White "Luebbers, Doris"]
[Black "Hielscher, Klaus Wieprecht"]
[Result "1/2-1/2"]
[WhiteElo "1534"]
[BlackElo "1814"]
[PlyCount "102"]
[EventDate "2013.04.20"]
[EventType "swiss"]
[EventRounds "9"]
[EventCountry "GER"]
[SourceTitle "EXT 2019"]
[Source "ChessBase"]
[SourceDate "2018.10.10"]
[SourceVersion "1"]
[SourceVersionDate "2018.10.10"]
[SourceQuality "1"]

1. d4 Nf6 2. Nf3 e6 3. e3 a6 4. Bd3 c5 5. b3 cxd4 6. exd4 d5 7. 0-0 Be7 8. Bb2 0-0 9. c4 b6 10. Ba3 Bb7 11. Bxe7 Qxe7 12. Nbd2 Nbd7 13. Rc1 Rac8 14. Ne5 Rfd8 15. Ndf3 Nf8 16. Qe2 Ne4 17. cxd5 Nc3 18. Qb2 Nxd5 19. Rxc8 Rxc8 20. Rc1 Rc7 21. Bc4 f6 22. Ng4 Nf4 23. Ne1 b5 24. Bf1 Nd5 25. Ne3 Nxe3 26. fxe3 Bd5 27. Be2 Rxc1 28. Qxc1 e5 29. dxe5 Qxe5 30. Bf3 Bf7 31. Nd3 Qe7 32. Nf4 g5 33. Ne2 Ne6 34. Ng3 Qc5 35. Qxc5 Nxc5 36. Ne4 Nxe4 37. Bxe4 a5 38. Kf2 a4 39. Bc2 Kg7 40. Ke2 axb3 41. Bxb3 Bg6 42. Kd2 Be8 43. a3 f5 44. Bd5 Kf6 45. g3 Ke5 46. Bb7 Bd7 47. Ba8 h5 48. Bf3 Be8 49. Bb7 f4 50. exf4+ gxf4 51. Bf3 Kf5 1/2-1/2

[Event "Hessen-ch Seniors op 09th"]
[Site "Bad Sooden-Allendorf"]
[Date "2013.04.22"]
[Round "3"]
[White "Von Janta, Lothar"]
[Black "Hielscher, Klaus Wieprecht"]
[Result "1-0"]
[WhiteElo "1974"]
[BlackElo "1814"]
[PlyCount "72"]
[EventDate "2013.04.20"]
[EventType "swiss"]
[EventRounds "9"]
[EventCountry "GER"]
[SourceTitle "EXT 2019"]
[Source "ChessBase"]
[SourceDate "2018.10.10"]
[SourceVersion "1"]
[SourceVersionDate "2018.10.10"]
[SourceQuality "1"]

1. c4 c5 2. Nc3 Nf6 3. g3 e6 4. Bg2 d6 5. e3 a6 6. Nge2 Nbd7 7. d3 Be7 8. 0-0 0-0 9. b3 Ra7 10. Nf4 Ne8 11. Rb1 g6 12. Qe2 Bf6 13. Bb2 Bg7 14. Rfd1 Ne5 15. d4 cxd4 16. exd4 Nc6 17. d5 Nd4 18. Qf1 e5 19. Nfe2 Bf5 20. Ne4 Nxe2+ 21. Qxe2 b6 22. a4 Nf6 23. Nxf6+ Bxf6 24. Be4 Bd7 25. Ba3 Be7 26. Bc1 f5 27. Bg2 Rf7 28. Re1 Rb7 29. Qd2 f4 30. Qe2 fxg3 31. fxg3 Qe8 32. Rf1 Rxf1+ 33. Qxf1 Bf5 34. Rb2 b5 35. Qe2 Bf6 36. cxb5 axb5 1-0

[Event "MVP-ch Seniors op 12th"]
[Site "Binz"]
[Date "2012.12.03"]
[Round "6"]
[White "Hansch, Klaus Michael"]
[Black "Hielscher, Klaus Wieprecht"]
[Result "1-0"]
[WhiteElo "1693"]
[BlackElo "1518"]
[PlyCount "135"]
[EventDate "2012.11.28"]
[EventType "swiss"]
[EventRounds "9"]
[EventCountry "GER"]
[SourceTitle "EXT 2014"]
[Source "ChessBase"]
[SourceDate "2013.11.20"]
[SourceVersion "1"]
[SourceVersionDate "2013.11.20"]
[SourceQuality "1"]

1. d4 Nf6 2. Nc3 c6 3. e4 d6 4. Bg5 Nbd7 5. Nf3 Qa5 6. Bd2 Qc7 7. Bc4 b5 8. Bd3 a6 9. a3 c5 10. dxc5 Nxc5 11. h3 Bb7 12. Qe2 e5 13. 0-0 Be7 14. Nh4 Nxd3 15. cxd3 0-0 16. Nf5 Bd8 17. Rac1 Qd7 18. Qf3 Ne8 19. Qg4 Kh8 20. f4 Bf6 21. Qf3 Qxf5 22. exf5 Bxf3 23. Rxf3 Rc8 24. Nd5 Rxc1+ 25. Bxc1 Bd8 26. Bd2 a5 27. Rf1 Nc7 28. Nxc7 Bxc7 29. Rc1 Bb6+ 30. Kf1 exf4 31. Bxf4 Bc5 32. Rc2 Rd8 33. Ke2 b4 34. axb4 axb4 35. d4 Bxd4 36. Bxd6 h6 37. Bxb4 f6 38. Bc3 Re8+ 39. Kd3 Bb6 40. Re2 Rd8+ 41. Kc4 Rc8+ 42. Kb5 Bg1 43. g4 Rb8+ 44. Kc6 Rb6+ 45. Kd5 Rb5+ 46. Ke6 Bc5 47. Kd7 Bb4 48. Bxb4 Rxb4 49. Rh2 Rc4 50. Kd6 Kh7 51. Rc2 Re4 52. Rc3 Re2 53. b4 Rb2 54. Kc5 g6 55. fxg6+ Kxg6 56. b5 h5 57. b6 hxg4 58. hxg4 Kg5 59. Rc4 f5 60. gxf5 Kxf5 61. Kc6 Ke5 62. b7 Ke6 63. Kc7 Kd5 64. Rc1 Rh2 65. b8Q Rh7+ 66. Kb6 Rh6+ 67. Kb5 Rh5 68. Rc5+ 1-0

[Event "GER-ch Seniors"]
[Site "Dresden"]
[Date "2012.08.13"]
[Round "5"]
[White "Goldinger, Josef"]
[Black "Hielscher, Klaus Wieprecht"]
[Result "1-0"]
[WhiteElo "1969"]
[BlackElo "1823"]
[PlyCount "95"]
[EventDate "2012.08.09"]
[EventType "swiss"]
[EventRounds "9"]
[EventCountry "GER"]
[SourceTitle "EXT 2014"]
[Source "ChessBase"]
[SourceDate "2013.11.20"]
[SourceVersion "1"]
[SourceVersionDate "2013.11.20"]
[SourceQuality "1"]

1. e4 c5 2. Nf3 e6 3. c3 g6 4. d4 cxd4 5. cxd4 Bg7 6. Nc3 a6 7. Be2 Ne7 8. 0-0 b5 9. a3 Bb7 10. Be3 0-0 11. Rc1 d6 12. Qd2 Nd7 13. Ng5 e5 14. f4 h6 15. Nf3 exd4 16. Bxd4 Nf6 17. Bd3 Nc6 18. Be3 Ng4 19. h3 Nxe3 20. Qxe3 Re8 21. Rfe1 Ne7 22. Qd2 Qb6+ 23. Qf2 Qa5 24. f5 b4 25. axb4 Qxb4 26. Kh1 Rac8 27. Nh2 Bxc3 28. bxc3 Rxc3 29. Rb1 Rb3 30. Qc2 Rxb1 31. Rxb1 Qa5 32. Rxb7 gxf5 33. Qf2 Qa1+ 34. Nf1 fxe4 35. Bxe4 f5 36. Bxf5 Qe5 37. Qg3+ Kh8 38. Qxe5+ dxe5 39. Be4 Kg7 40. Ra7 h5 41. Bc6 Rc8 42. Rxe7+ Kf6 43. Bd7 Rc1 44. Rxe5 Rxf1+ 45. Kh2 Rd1 46. Bc8 Rd6 47. Rxh5 Kg6 48. Ra5 1-0

[Event "GER-ch Seniors"]
[Site "Dresden"]
[Date "2012.08.09"]
[Round "1"]
[White "Kolkwitz, Klaus"]
[Black "Hielscher, Klaus Wieprecht"]
[Result "1-0"]
[WhiteElo "1862"]
[BlackElo "1823"]
[PlyCount "111"]
[EventDate "2012.08.09"]
[EventType "swiss"]
[EventRounds "9"]
[EventCountry "GER"]
[SourceTitle "EXT 2014"]
[Source "ChessBase"]
[SourceDate "2013.11.20"]
[SourceVersion "1"]
[SourceVersionDate "2013.11.20"]
[SourceQuality "1"]

1. d4 Nf6 2. Nf3 e6 3. e3 b6 4. Bd3 Bb7 5. 0-0 c5 6. c3 g6 7. Nbd2 Bg7 8. Qe2 0-0 9. e4 cxd4 10. e5 Nd5 11. Nxd4 Nf4 12. Qe3 Nxg2 13. Qg3 Qh4 14. N2f3 Qxg3 15. fxg3 f5 16. Kxg2 Bxe5 17. Kg1 Bc7 18. Nb5 Bd8 19. Nd6 Ba6 20. Bxa6 Nxa6 21. Bh6 Rf6 22. Ne5 Nb8 23. Ne8 Rf8 24. Bxf8 Kxf8 25. Nd6 Bc7 26. Rad1 a6 27. Rfe1 Ke7 28. Ndc4 b5 29. Nd2 d6 30. Nef3 Bb6+ 31. Kg2 e5 32. Nf1 Nc6 33. Ne3 Bd8 34. Nd5+ Ke6 35. Ng5+ Kd7 36. Nf7 Ne7 37. Nf6+ Ke6 38. Nxd8+ Rxd8 39. Nxh7 d5 40. Ng5+ Kf6 41. Nf3 e4 42. Nd4 g5 43. Rh1 f4 44. h4 f3+ 45. Kf2 Ng6 46. hxg5+ Kf7 47. Rh7+ Kg8 48. Rg7+ Kxg7 49. Ne6+ Kg8 50. Nxd8 Ne7 51. Ne6 Kf7 52. Nf4 a5 53. Rxd5 Nxd5 54. Nxd5 Kg6 55. Nf6 Kf5 56. Nxe4 1-0

[Event "Hessen-ch Seniors op 08th"]
[Site "Bad Sooden-Allendorf"]
[Date "2012.04.15"]
[Round "2"]
[White "Hielscher, Klaus Wieprecht"]
[Black "Girod, Gudrun"]
[Result "1-0"]
[WhiteElo "1823"]
[BlackElo "1549"]
[PlyCount "75"]
[EventDate "2012.04.14"]
[EventType "swiss"]
[EventRounds "9"]
[EventCountry "GER"]
[SourceTitle "EXT 2019"]
[Source "ChessBase"]
[SourceDate "2018.10.10"]
[SourceVersion "1"]
[SourceVersionDate "2018.10.10"]
[SourceQuality "1"]

1. c4 e6 2. Nf3 d5 3. cxd5 exd5 4. g3 Nf6 5. a3 Be7 6. Bg2 c6 7. 0-0 0-0 8. d3 h6 9. Nbd2 Be6 10. b4 Nbd7 11. Bb2 c5 12. bxc5 Nxc5 13. Nd4 Rb8 14. Nxe6 fxe6 15. Rb1 b6 16. Bh3 Kf7 17. Be5 Bd6 18. Nf3 Qe7 19. a4 Ncd7 20. Bxd6 Qxd6 21. Nh4 Rfe8 22. e3 Nf8 23. f4 Rbc8 24. g4 Rc3 25. g5 hxg5 26. fxg5 Qe5 27. gxf6 Qg5+ 28. Ng2 gxf6 29. Rf4 Nh7 30. Rg4 Qe5 31. d4 Qd6 32. Rh4 Rh8 33. Qf1 f5 34. Re1 Qa3 35. Qf4 Rc1 36. Qe5 Kg8 37. Qxe6+ Kg7 38. Qh6+ 1-0

[Event "Hessen-ch Seniors op 08th"]
[Site "Bad Sooden-Allendorf"]
[Date "2012.04.14"]
[Round "1"]
[White "Micheel, Peter"]
[Black "Hielscher, Klaus Wieprecht"]
[Result "1-0"]
[WhiteElo "1950"]
[BlackElo "1823"]
[PlyCount "73"]
[EventDate "2012.04.14"]
[EventType "swiss"]
[EventRounds "9"]
[EventCountry "GER"]
[SourceTitle "EXT 2019"]
[Source "ChessBase"]
[SourceDate "2018.10.10"]
[SourceVersion "1"]
[SourceVersionDate "2018.10.10"]
[SourceQuality "1"]

1. e4 c5 2. c3 Nf6 3. e5 Nd5 4. Nf3 d6 5. d4 cxd4 6. cxd4 Nc6 7. Qb3 e6 8. Bb5 a6 9. Bxc6+ bxc6 10. 0-0 Be7 11. Nc3 0-0 12. Nxd5 cxd5 13. Bf4 Ra7 14. Rfc1 Rb7 15. Qc3 g5 16. Bg3 f5 17. exd6 Bxd6 18. Bxd6 Qxd6 19. Ne5 Bd7 20. Qd2 Qe7 21. Rc2 Be8 22. Rac1 f4 23. b3 Qg7 24. Qe2 Bb5 25. Qg4 Qe7 26. Rc3 Be8 27. h4 h5 28. Qe2 g4 29. g3 fxg3 30. fxg3 Qh7 31. Rf1 Bb5 32. Rxf8+ Kxf8 33. Rc8+ Ke7 34. Qd2 Qb1+ 35. Kh2 Bd7 36. Qg5+ Kd6 37. Nf7# 1-0

[Event "MVP-ch Seniors op 11th"]
[Site "Binz"]
[Date "2011.12.01"]
[Round "2.56"]
[White "Hielscher, Klaus Wieprecht"]
[Black "Gebuhr, Guenter"]
[Result "0-1"]
[WhiteElo "1499"]
[BlackElo "1759"]
[PlyCount "112"]
[EventDate "2011.11.30"]
[EventType "swiss"]
[EventRounds "9"]
[EventCountry "GER"]
[SourceTitle "EXT 2013"]
[Source "ChessBase"]
[SourceDate "2012.11.22"]
[SourceVersion "1"]
[SourceVersionDate "2012.11.22"]
[SourceQuality "1"]

1. c4 Nf6 2. Nc3 c5 3. Nf3 Nc6 4. g3 e6 5. Bg2 Be7 6. 0-0 0-0 7. e4 d6 8. a3 a6 9. Re1 e5 10. h3 Bd7 11. Rb1 Qc7 12. b4 Nd4 13. d3 h6 14. bxc5 dxc5 15. g4 Rab8 16. Nh4 Bc6 17. Nf5 Nxf5 18. gxf5 Rfd8 19. Qf3 Nh7 20. Bf1 Bg5 21. Be3 Bxe3 22. Qxe3 Qe7 23. Kh1 Nf6 24. Be2 Kh7 25. Rg1 Qd6 26. Qg3 Rg8 27. Nd1 Nxe4 28. dxe4 Bxe4+ 29. Bf3 Bxb1 30. Ne3 Bd3 31. Bd5 Qf6 32. Qf3 e4 33. Qh5 Rgf8 34. h4 g6 35. Ng4 gxh5 36. Nxf6+ Kh8 37. Nd7 f6 38. Nxb8 Rxb8 39. Rg6 b5 40. Rxf6 bxc4 41. Rxh6+ Kg7 42. Rg6+ Kh7 43. Rc6 c3 44. Rc7+ Kh8 45. Rxc5 c2 46. f6 Rb1+ 47. Kh2 c1Q 48. Rxc1 Rxc1 49. Kg3 Rc5 50. f7 Kg7 51. Be6 Bc4 52. Bxc4 Rxc4 53. Kf4 Kxf7 54. Ke3 Kf6 55. f3 exf3 56. Kxf3 Rxh4 0-1

[Event "Schoenhagen Cup Seniors 20th"]
[Site "Schoenhagen/Uslar"]
[Date "2011.09.12"]
[Round "8"]
[White "Hielscher, Klaus Wieprecht"]
[Black "Bielefeld, Guenter"]
[Result "1-0"]
[WhiteElo "1505"]
[BlackElo "1426"]
[PlyCount "183"]
[EventDate "2011.09.05"]
[EventType "swiss"]
[EventRounds "9"]
[EventCountry "GER"]
[SourceTitle "EXT 2012"]
[Source "ChessBase"]
[SourceDate "2011.11.24"]
[SourceVersion "1"]
[SourceVersionDate "2011.11.24"]
[SourceQuality "1"]

1. c4 Nf6 2. Nc3 e6 3. a3 d5 4. cxd5 exd5 5. d4 c6 6. g3 Be6 7. Bg2 Be7 8. Nf3 Nbd7 9. 0-0 0-0 10. b4 a6 11. Na4 b5 12. Nc5 Nxc5 13. bxc5 Nd7 14. Bb2 Bf6 15. Rc1 Re8 16. Qd2 a5 17. e3 a4 18. Ne5 Nxe5 19. dxe5 Be7 20. Rfd1 Qa5 21. Bc3 Qc7 22. Bd4 Qd7 23. Qb2 Rab8 24. Rd2 Qb7 25. Qb4 Ra8 26. Qb1 Reb8 27. Rb2 Bd8 28. Bc3 g6 29. Qc2 Be7 30. Bd4 Qd7 31. Qe2 Rb7 32. f3 Rab8 33. Qd2 Rf8 34. g4 Qd8 35. Qe2 f6 36. f4 f5 37. Bh3 Qd7 38. g5 Rf7 39. Bf1 Bf8 40. h4 h6 41. Qf3 hxg5 42. fxg5 Rh7 43. Rh2 Rh5 44. Qf4 Qh7 45. Be2 Rf7 46. Bxh5 Qxh5 47. Re1 Rh7 48. Rf1 Be7 49. Rf3 Bd8 50. Bc3 Bc7 51. Rf1 Rf7 52. Bb4 Bd8 53. Qf3 Rd7 54. Qxh5 gxh5 55. Rd1 Kg7 56. Kf2 Kg6 57. Kf3 Be7 58. Kf4 Bd8 59. Rf2 Be7 60. Rd4 Bd8 61. Rd1 Bc7 62. Rdd2 Bd8 63. Rd4 Bc7 64. Rf1 Rf7 65. Rd2 Rd7 66. Bc3 Bd8 67. Bd4 Ba5 68. Rdd1 Rb7 69. Kg3 b4 70. axb4 Bxb4 71. Rb1 Rb5 72. Kf3 a3 73. Rb3 a2 74. Rb2 Bxc5 75. Rxb5 cxb5 76. Bxc5 d4 77. exd4 Bc4 78. Ra1 Bd5+ 79. Ke3 Bc4 80. Bb4 Bd5 81. Bc3 Bc4 82. Rd1 Bd5 83. Ba1 Kf7 84. Kf4 Kg6 85. e6 Bxe6 86. d5 Bd7 87. Rd2 b4 88. Rxa2 Bc8 89. Rb2 Bb7 90. d6 Bc8 91. Rxb4 Bd7 92. Rb7 1-0

[Event "Schoenhagen Cup Seniors 20th"]
[Site "Schoenhagen/Uslar"]
[Date "2011.09.10"]
[Round "6"]
[White "Daebel, Hasso"]
[Black "Hielscher, Klaus Wieprecht"]
[Result "1/2-1/2"]
[WhiteElo "1500"]
[BlackElo "1505"]
[PlyCount "90"]
[EventDate "2011.09.05"]
[EventType "swiss"]
[EventRounds "9"]
[EventCountry "GER"]
[SourceTitle "EXT 2012"]
[Source "ChessBase"]
[SourceDate "2011.11.24"]
[SourceVersion "1"]
[SourceVersionDate "2011.11.24"]
[SourceQuality "1"]

1. d4 Nf6 2. Nf3 e6 3. h3 b6 4. Bf4 Bb7 5. Nbd2 c5 6. dxc5 Bxc5 7. e3 0-0 8. Be2 d5 9. c3 Nbd7 10. g4 Re8 11. Nb3 e5 12. Bg3 Ne4 13. Rg1 Nxg3 14. Rxg3 Bd6 15. Ng1 Nf6 16. f3 a5 17. Rg2 a4 18. Nd2 Bc5 19. Nf1 d4 20. Bb5 Re6 21. e4 Rd6 22. Qc2 dxc3 23. bxc3 a3 24. Rd1 Ra5 25. Rxd6 Qxd6 26. Rd2 Qc7 27. Qd1 g6 28. g5 Nd5 29. exd5 Rxb5 30. Ne2 Rb2 31. Qc1 Rxd2 32. Qxd2 Qd6 33. c4 Bb4 34. Nc3 Ba6 35. Ne3 b5 36. Qd3 bxc4 37. Nxc4 Bxc4 38. Qxc4 Bxc3+ 39. Qxc3 Qxd5 40. Qxa3 Qd4 41. Ke2 Qf4 42. Qe7 Qh2+ 43. Ke3 Qxa2 44. Qd8+ Kg7 45. Qf6+ Kg8 1/2-1/2

[Event "Schoenhagen Cup Seniors 20th"]
[Site "Schoenhagen/Uslar"]
[Date "2011.09.08"]
[Round "4"]
[White "Hielscher, Klaus Wieprecht"]
[Black "Huhn, Ulrich"]
[Result "0-1"]
[WhiteElo "1505"]
[BlackElo "1855"]
[PlyCount "72"]
[EventDate "2011.09.05"]
[EventType "swiss"]
[EventRounds "9"]
[EventCountry "GER"]
[SourceTitle "EXT 2012"]
[Source "ChessBase"]
[SourceDate "2011.11.24"]
[SourceVersion "1"]
[SourceVersionDate "2011.11.24"]
[SourceQuality "1"]

1. c4 d5 2. d4 c6 3. c5 e5 4. b4 a5 5. Qd2 exd4 6. Qxd4 axb4 7. Bb2 Na6 8. Qe5+ Qe7 9. Nf3 Qxe5 10. Nxe5 Nxc5 11. Nd2 Nf6 12. f3 Bd6 13. Nb3 Nxb3 14. axb3 Rxa1+ 15. Bxa1 Bf5 16. Nd3 0-0 17. g4 Bxd3 18. Bxf6 Bc2 19. Bd4 Bxb3 20. Bg2 c5 21. Bf2 Ra8 22. 0-0 c4 23. f4 c3 24. e4 Bxf4 25. Bc5 c2 26. Rxf4 c1Q+ 27. Rf1 Qxc5+ 28. Kh1 Ra2 29. e5 Qc2 30. Rg1 d4 31. e6 Bxe6 32. h3 Bd5 33. Kh2 Qxg2+ 34. Rxg2 Rxg2+ 35. Kh1 b3 36. h4 b2 0-1

[Event "Niedersachsen-ch Seniors 40th"]
[Site "Wingst"]
[Date "2006.04.04"]
[Round "1"]
[White "Jentsch, Dieter"]
[Black "Hielscher, Klaus Wieprecht"]
[Result "1-0"]
[WhiteElo "2092"]
[BlackElo "1613"]
[PlyCount "48"]
[EventDate "2006.04.04"]
[EventType "swiss"]
[EventRounds "9"]
[EventCountry "GER"]
[SourceTitle "EXT 2007"]
[Source "ChessBase"]
[SourceDate "2006.11.23"]
[SourceVersion "1"]
[SourceVersionDate "2006.11.23"]
[SourceQuality "1"]

1. e4 c5 2. Nf3 e6 3. c3 Nc6 4. d4 d5 5. e5 a6 6. Bd3 Qb6 7. a3 cxd4 8. cxd4 Nxd4 9. Nxd4 Qxd4 10. Bb5+ axb5 11. Qxd4 Ra4 12. Qb6 Re4+ 13. Be3 Ne7 14. Nc3 Rc4 15. 0-0 Nf5 16. Nxb5 Nxe3 17. fxe3 Bc5 18. Nd6+ Bxd6 19. Qxd6 Rc6 20. Qb4 Rc4 21. Qb5+ Rc6 22. Rac1 Rf8 23. Rxc6 bxc6 24. Qxc6+ Bd7 1-0

[Event "Niedersachsen-ch"]
[Site "Verden"]
[Date "2006.01.08"]
[Round "7"]
[White "Hielscher, Klaus Wieprecht"]
[Black "Kapitza, Mathias"]
[Result "0-1"]
[WhiteElo "1947"]
[BlackElo "2054"]
[PlyCount "36"]
[EventDate "2006.01.??"]
[EventType "swiss"]
[EventRounds "7"]
[EventCountry "GER"]
[SourceTitle "CBM 110 Extra"]
[Source "ChessBase"]
[SourceDate "2006.03.10"]
[SourceVersion "2"]
[SourceVersionDate "2006.03.10"]
[SourceQuality "1"]

1. c4 e6 2. Nf3 d5 3. cxd5 exd5 4. d4 c6 5. a3 Bf5 6. g3 Nf6 7. Bg5 Qa5+ 8. Bd2 Qb6 9. Bc3 Nbd7 10. Bg2 Be7 11. 0-0 Ne4 12. Ne5 Nxe5 13. dxe5 0-0 14. Qd4 Bc5 15. Qa4 Bxf2+ 16. Kh1 c5 17. Qa5 Nxg3+ 18. hxg3 Qh6+ 0-1

[Event "GER-ch Seniors-B 17th"]
[Site "Essen"]
[Date "2005.08.20"]
[Round "1"]
[White "Pohl, Willi"]
[Black "Hielscher, Klaus Wieprecht"]
[Result "1-0"]
[WhiteElo "1528"]
[BlackElo "1950"]
[PlyCount "87"]
[EventDate "2005.08.20"]
[EventType "swiss"]
[EventRounds "9"]
[EventCountry "GER"]
[SourceTitle "CBM 108 Extra"]
[Source "ChessBase"]
[SourceDate "2005.11.04"]
[SourceVersion "1"]
[SourceVersionDate "2005.11.04"]
[SourceQuality "1"]

1. e4 c5 2. Nf3 e6 3. d4 cxd4 4. Nxd4 a6 5. Bc4 Qc7 6. Bb3 Nc6 7. Be3 Nf6 8. Nxc6 bxc6 9. Qf3 d5 10. Nd2 Bb7 11. exd5 cxd5 12. Ba4+ Nd7 13. Bxd7+ Qxd7 14. Qg3 Qd6 15. Qxd6 Bxd6 16. 0-0 0-0 17. Nb3 Rac8 18. Rac1 e5 19. c3 f5 20. f4 exf4 21. Bxf4 Be7 22. Be5 Bc6 23. Rcd1 Bg5 24. Rfe1 Bd8 25. Bd4 Ba4 26. Rd2 Bg5 27. Rde2 Bb5 28. Re5 Bc4 29. Nc5 Bd2 30. Rd1 Bf4 31. Re7 Bd6 32. Rxg7+ Kh8 33. Rd7+ Rf6 34. Bxf6+ Kg8 35. Bd4 Bxc5 36. Bxc5 Rxc5 37. Re1 Kf8 38. Ree7 Bxa2 39. Rxh7 Kg8 40. Ra7 Bc4 41. Rhd7 Rc8 42. Kf2 Re8 43. Kf3 Bd3 44. Kf4 1-0

[Event "Bayern-ch Seniors 11th"]
[Site "Schloss Schney"]
[Date "1999.??.??"]
[Round "1"]
[White "Hielscher, Klaus Wieprecht"]
[Black "Kraemer, Marianne"]
[Result "0-1"]
[WhiteElo "1564"]
[BlackElo "1640"]
[PlyCount "120"]
[EventDate "1999.11.??"]
[EventType "swiss"]
[EventRounds "9"]
[EventCountry "GER"]
[SourceTitle "EXT 2002"]
[Source "ChessBase"]
[SourceDate "2001.11.25"]
[SourceVersion "1"]
[SourceVersionDate "2001.11.25"]
[SourceQuality "1"]

1. g3 Nf6 2. c4 e5 3. Bg2 c6 4. Nc3 Be7 5. e4 d6 6. h3 Be6 7. d3 Na6 8. Nge2 h6 9. 0-0 0-0 10. a3 Nc7 11. b4 a6 12. d4 exd4 13. Nxd4 Bxc4 14. Re1 Be6 15. Nf5 Bxf5 16. exf5 d5 17. Ne2 Bd6 18. Bf4 Qd7 19. g4 Rfe8 20. Bxd6 Qxd6 21. Qd3 Re7 22. Ng3 Rae8 23. Rxe7 Rxe7 24. Rd1 Qe5 25. Bf3 Nb5 26. h4 Qc3 27. g5 Qxd3 28. Rxd3 hxg5 29. hxg5 Nh7 30. g6 fxg6 31. fxg6 Nf6 32. a4 Nd6 33. Kf1 Re5 34. Ne2 Nf5 35. Nc3 Nh4 36. Be2 Nxg6 37. b5 Nf4 38. Re3 Rxe3 39. fxe3 Nxe2 40. Kxe2 Kf7 41. Kd3 Ke6 42. bxa6 bxa6 43. Ne2 Kd6 44. Nd4 g6 45. Nf3 c5 46. Ng5 Nd7 47. a5 Ne5+ 48. Kc3 Nc6 49. Nf7+ Ke7 50. Ng5 Nxa5 51. e4 d4+ 52. Kd3 Kf6 53. Nf3 g5 54. e5+ Kf5 55. e6 Kxe6 56. Nxg5+ Kd5 57. Nf3 Nc6 58. Nd2 Nb4+ 59. Ke2 c4 60. Kd1 a5 0-1

[Event "Bayern-ch Seniors 11th"]
[Site "Schloss Schney"]
[Date "1999.??.??"]
[Round "5"]
[White "Hielscher, Klaus Wieprecht"]
[Black "Wiebke, Elfriede"]
[Result "1-0"]
[WhiteElo "1564"]
[BlackElo "1206"]
[PlyCount "75"]
[EventDate "1999.11.??"]
[EventType "swiss"]
[EventRounds "9"]
[EventCountry "GER"]
[SourceTitle "EXT 2002"]
[Source "ChessBase"]
[SourceDate "2001.11.25"]
[SourceVersion "1"]
[SourceVersionDate "2001.11.25"]
[SourceQuality "1"]

1. g3 e5 2. c4 c5 3. Bg2 Nf6 4. Nc3 Nc6 5. d3 Be7 6. Nf3 h6 7. 0-0 d6 8. h3 0-0 9. a3 Nd4 10. Nxd4 exd4 11. Ne4 Rb8 12. Rb1 a5 13. Bd2 Nxe4 14. dxe4 f5 15. exf5 Bxf5 16. Rc1 b5 17. b4 d3 18. e3 a4 19. g4 Be6 20. cxb5 Bb3 21. Qe1 Rxb5 22. Bc6 Rb8 23. bxc5 dxc5 24. Ba5 Qd6 25. Bg2 c4 26. Bb4 Rxb4 27. Qxb4 Qxb4 28. axb4 Bxb4 29. Bd5+ Kh7 30. Bxc4 d2 31. Bd3+ Kh8 32. Rb1 Rd8 33. Be2 Rc8 34. Bd1 Rc1 35. Bxb3 Rxf1+ 36. Kxf1 axb3 37. Ke2 Bc3 38. Rxb3 1-0